[Event "40th Guernsey Open 2014"]
[Site "Vale GCI"]
[Date "2014.10.21"]
[Round "3.35"]
[White "Fassaert, Desire"]
[Black "von Saldern, Ruediger"]
[Result "1/2-1/2"]
[WhiteElo "1908"]
[BlackElo "1966"]
[WhiteFideId "1008331"]
[BlackFideId "4635175"]
[EventDate "2014.10.19"]
[EventType "swiss"]

1. Nf3 d5 2. e3 Nf6 3. b3 Bg4 4. Be2 e6 5. Bb2 Be7 6. d3 O-O 7. O-O Nbd7 8. Nbd2
c5 9. Ne5 Bxe2 10. Qxe2 Nxe5 11. Bxe5 Nd7 12. Bb2 Bf6 13. Bxf6 Nxf6 14. f4 Rc8
15. Rad1 1/2-1/2

[Event "40th Guernsey Open 2014"]
[Site "Vale GCI"]
[Date "2014.10.21"]
[Round "3.36"]
[White "Burton, Ronnie"]
[Black "Goetzee, Rick"]
[Result "1-0"]
[WhiteElo "1983"]
[BlackElo "1898"]
[WhiteFideId "408441"]
[BlackFideId "2501813"]
[EventDate "2014.10.19"]
[EventType "swiss"]

1. d4 d5 2. Nf3 Nf6 3. e3 c5 4. b3 cxd4 5. exd4 Nc6 6. Bb2 Bg4 7. Be2 e6 8. Nbd2
Bd6 9. h3 Bh5 10. O-O O-O 11. c4 Re8 12. Ne5 Bxe2 13. Qxe2 Rc8 14. a3 a5 15.
Rfc1 Nd7 16. Ndf3 f6 17. Nxd7 Qxd7 18. Qd2 b6 19. Re1 Rcd8 20. Rad1 dxc4 21.
bxc4 Qc7 22. Re4 e5 23. d5 Nb8 24. Nh4 Nd7 25. Nf5 Nc5 26. Rg4 Rd7 27. Qh6 Bf8
28. Qxf6 Ne4 29. Qh4 Nd6 30. Nxd6 Qxd6 31. Qg3 Rf7 32. Re1 Rf5 33. Rge4 Qf6 34.
Bxe5 Qf7 35. Bd4 Rxe4 36. Rxe4 1-0

[Event "40th Guernsey Open 2014"]
[Site "Vale GCI"]
[Date "2014.10.21"]
[Round "3.38"]
[White "Downey, Keith"]
[Black "Murray, J Stephen"]
[Result "1-0"]
[WhiteElo "1968"]
[BlackElo "1847"]
[WhiteFideId "10700250"]
[BlackFideId "2401495"]
[EventDate "2014.10.19"]
[EventType "swiss"]

1. Nf3 Nf6 2. c4 e6 3. g3 d5 4. d4 Be7 5. Bg2 O-O 6. O-O Nbd7 7. Qc2 c6 8. Nbd2
Re8 9. b3 b6 10. Bb2 Bb7 11. Rfd1 Rc8 12. Rac1 c5 13. Qb1 cxd4 14. Nxd4 Bc5 15.
cxd5 Bxd5 16. Bxd5 Nxd5 17. Ne4 Qe7 18. Nxc5 Nxc5 19. Nf3 Nd7 20. a3 Red8 21. b4
h6 22. Qa1 Qf8 23. Nd4 Rxc1 24. Rxc1 N7f6 25. Nc6 Ra8 26. Qb1 a6 27. e4 Ne7 28.
Bxf6 gxf6 29. Qd3 b5 30. Qf3 Kg7 31. Nxe7 Qxe7 32. e5 Ra7 33. Qg4+ Kh7 34. Rc8 1-0

[Event "40th Guernsey Open 2014"]
[Site "Vale GCI"]
[Date "2014.10.22"]
[Round "4.1"]
[White "Hansen, Eric"]
[Black "Hillarp Persson, Tiger"]
[Result "1-0"]
[WhiteTitle "GM"]
[BlackTitle "GM"]
[WhiteElo "2574"]
[BlackElo "2555"]
[WhiteFideId "2606771"]
[BlackFideId "1700812"]
[EventDate "2014.10.19"]
[EventType "swiss"]

1. e4 c5 2. Nf3 d6 3. Bb5+ Nc6 4. O-O Bd7 5. Re1 Nf6 6. c3 a6 7. Bf1 Bg4 8. h3
Bxf3 9. Qxf3 g6 10. d3 Bg7 11. Be3 Nd7 12. Qd1 O-O 13. Nd2 b5 14. a3 e6 15. Rc1
Nb6 16. Nf3 Rc8 17. g3 Na4 18. Rc2 d5 19. exd5 Qxd5 20. Bg2 Qd7 21. Ng5 Ne7 22.
Ne4 Nd5 23. Bc1 c4 24. d4 a5 25. h4 b4 26. axb4 axb4 27. h5 bxc3 28. bxc3 Rb8
29. h6 Bh8 30. Ba3 Rfd8 31. Qf3 Rb3 32. Nc5 Nxc5 33. Bxc5 Bf6 34. Ra1 Bg5 35.
Ra7 Rb7 36. Rca2 Bxh6 37. Bf1 f5 38. Bxc4 Rdb8 39. Rxb7 Rxb7 40. Ra6 Kg7 41. Rd6
Qf7 42. Bxd5 exd5 43. Rxd5 Bg5 44. Bd6 Rb1+ 45. Kg2 Qb7 46. c4 h5 47. Be5+ Kf7
48. Kh2 Rb2 49. Bf4 Rb3 50. Rxf5+ gxf5 51. Qxh5+ Kf8 52. Qh8+ Kf7 53. Qh7+ Ke8
54. Qh8+ Kd7 55. Bxg5 Qf3 56. Qd8+ Kc6 57. Qa8+ Rb7 58. d5+ 1-0

[Event "40th Guernsey Open 2014"]
[Site "Vale GCI"]
[Date "2014.10.22"]
[Round "4.2"]
[White "Mack, Wolfgang"]
[Black "Wustefeld, Carl"]
[Result "1/2-1/2"]
[WhiteTitle "FM"]
[WhiteElo "2219"]
[BlackElo "2256"]
[WhiteFideId "4685458"]
[BlackFideId "1006347"]
[EventDate "2014.10.19"]
[EventType "swiss"]

1. c4 e5 2. g3 Nf6 3. Bg2 Nc6 4. Nc3 Bc5 5. Nf3 O-O 6. O-O Re8 7. d3 h6 8. a3 a5
9. b3 d6 10. Bb2 Bg4 11. h3 Bh5 12. e3 Bb6 13. Qd2 Bg6 14. Nh4 Bh7 15. Rad1 Qd7
16. Kh2 Rad8 17. Qc1 Ne7 18. e4 Nc6 19. f4 Qe7 20. Ne2 1/2-1/2

[Event "40th Guernsey Open 2014"]
[Site "Vale GCI"]
[Date "2014.10.22"]
[Round "4.3"]
[White "Hambleton, Aman"]
[Black "Hewson, Brian Wr"]
[Result "1/2-1/2"]
[WhiteTitle "IM"]
[WhiteElo "2456"]
[BlackElo "2066"]
[WhiteFideId "2606577"]
[BlackFideId "437484"]
[EventDate "2014.10.19"]
[EventType "swiss"]

1. d4 d5 2. c4 c6 3. Nf3 Nf6 4. e3 Bf5 5. Nc3 e6 6. Nh4 Bg4 7. Qb3 Qb6 8. h3 Bh5
9. g4 Bg6 10. Nxg6 hxg6 11. g5 Nfd7 12. Bd2 Be7 13. f4 Na6 14. Be2 Qxb3 15. axb3
Nc7 16. Kf2 a6 17. e4 dxe4 18. Nxe4 c5 19. Be3 cxd4 20. Bxd4 e5 21. fxe5 Ne6 22.
Be3 Nxe5 23. Rad1 Rd8 24. Rd5 f6 25. Kg3 Rxd5 26. cxd5 Nxg5 27. Bxg5 fxg5 28. d6
Bf6 29. Rd1 Kd7 30. Rc1 Rc8 31. Rxc8 Kxc8 32. Nc5 a5 33. Bb5 Nf7 34. d7+ Kc7 35.
Ne4 Bxb2 36. Kf3 Ne5+ 37. Ke2 Nxd7 38. Nxg5 Nc5 39. Bc4 Kd6 40. Kd1 Bf6 41. Nf3
b5 42. Bxb5 Nxb3 43. Bd3 g5 44. Nd2 Nc5 45. Ne4+ Nxe4 46. Bxe4 a4 47. Kc2 a3 48.
Kb3 1/2-1/2

[Event "40th Guernsey Open 2014"]
[Site "Vale GCI"]
[Date "2014.10.22"]
[Round "4.4"]
[White "Prins, Jan"]
[Black "Tjiam, Dharma"]
[Result "0-1"]
[BlackTitle "IM"]
[WhiteElo "2049"]
[BlackElo "2386"]
[WhiteFideId "1017179"]
[BlackFideId "1001493"]
[EventDate "2014.10.19"]
[EventType "swiss"]

1. d4 Nf6 2. Nf3 e6 3. c4 c5 4. e3 b6 5. Nc3 Bb7 6. Be2 d6 7. O-O Be7 8. b3 O-O
9. Bb2 Re8 10. Qc2 Nbd7 11. Rad1 cxd4 12. Rxd4 a6 13. Ba3 Qc7 14. Rfd1 Nc5 15.
Rh4 Rad8 16. b4 Ncd7 17. g4 d5 18. g5 Ne4 19. Nxe4 dxe4 20. Bb2 Bxb4 21. a3 Bf8
22. Rh3 e5 23. Ne1 Nc5 24. f4 Rxd1 25. Qxd1 exf4 26. exf4 Qxf4 27. Ng2 Qxg5 28.
Rg3 Qd8 29. Qa1 g6 30. Bc3 Na4 31. Bh8 Qd2 32. Re3 Rd8 33. Qe5 Nc5 34. Bf6 Nd7
35. Qa1 Nxf6 36. Qxf6 Bc5 37. Kf2 Rd3 38. Qf4 Bc6 39. Qb8+ Rd8 40. Qc7 Qd6 0-1

[Event "40th Guernsey Open 2014"]
[Site "Vale GCI"]
[Date "2014.10.22"]
[Round "4.5"]
[White "Taylor, Mark V"]
[Black "Hess, Christian1"]
[Result "1/2-1/2"]
[BlackTitle "FM"]
[WhiteElo "2061"]
[BlackElo "2185"]
[WhiteFideId "409243"]
[BlackFideId "4605969"]
[EventDate "2014.10.19"]
[EventType "swiss"]

1. d4 d5 2. Nf3 Nf6 3. g3 g6 4. Bg2 Bg7 5. O-O O-O 6. c4 dxc4 7. Nbd2 b5 8. a4
c6 9. e4 a6 10. e5 Nd5 11. Ne4 Nd7 12. Bg5 h6 13. Bd2 Bb7 14. Qc1 Kh7 15. h4 f5
16. exf6 exf6 17. h5 g5 18. Nd6 Qc7 19. Qc2+ Kg8 20. Nf5 Rf7 21. Rfe1 Nf8 1/2-1/2

[Event "40th Guernsey Open 2014"]
[Site "Vale GCI"]
[Date "2014.10.22"]
[Round "4.6"]
[White "Norman, Kenneth I"]
[Black "Maloberti, David"]
[Result "0-1"]
[WhiteTitle "CM"]
[WhiteElo "2153"]
[BlackElo "2063"]
[WhiteFideId "402419"]
[BlackFideId "620149"]
[EventDate "2014.10.19"]
[EventType "swiss"]

1. Nf3 f5 2. g3 Nf6 3. Bg2 d6 4. d4 e6 5. O-O Be7 6. c4 O-O 7. b3 Qe8 8. Bb2 c6
9. Nc3 Qg6 10. e3 Na6 11. Ne2 Ne4 12. Nf4 Qh6 13. Nd3 Bd7 14. Nd2 d5 15. Nxe4
fxe4 16. Ne5 Be8 17. Qd2 Bb4 18. Bc3 Bd6 19. f3 Bxe5 20. dxe5 exf3 21. Rxf3 Bh5
22. Rxf8+ Rxf8 23. cxd5 exd5 24. Rf1 Rxf1+ 25. Bxf1 Nc7 26. Bg2 Ne6 27. Qf2 Bg6
28. Bb4 Qh5 29. Bc3 Qd1+ 30. Qe1 Qxe1+ 31. Bxe1 Bf5 32. Kf2 Kf7 33. e4 dxe4 34.
Ke3 Nc5 35. b4 Nd3 36. Bc3 Ke6 37. Bxe4 Nxe5 38. Kf4 g5+ 39. Ke3 Ng4+ 40. Kd4
Bxe4 41. Kxe4 Nxh2 42. Bd4 b6 43. a4 Nf1 44. Bf2 Nd2+ 45. Kd3 Nf3 46. Ke4 Ne5
47. Be3 Nf7 0-1

[Event "40th Guernsey Open 2014"]
[Site "Vale GCI"]
[Date "2014.10.22"]
[Round "4.7"]
[White "Collier, David O"]
[Black "Jackson, Oliver A"]
[Result "1/2-1/2"]
[BlackTitle "FM"]
[WhiteElo "2043"]
[BlackElo "2142"]
[WhiteFideId "406422"]
[BlackFideId "403156"]
[EventDate "2014.10.19"]
[EventType "swiss"]

1. d4 Nf6 2. Bg5 c5 3. Bxf6 gxf6 4. d5 Qb6 5. Qc1 f5 6. g3 Bg7 7. c3 d6 8. Bg2
Nd7 9. Nf3 Nf6 10. Nh4 Bd7 11. O-O Ne4 12. Nd2 Bf6 13. Nxe4 fxe4 14. Bxe4 Bxh4
15. gxh4 Bh3 16. Rd1 c4 17. Qe3 Qxe3 18. fxe3 Kd7 19. Kf2 1/2-1/2

[Event "40th Guernsey Open 2014"]
[Site "Vale GCI"]
[Date "2014.10.22"]
[Round "4.9"]
[White "Johnsen, Gunnar"]
[Black "Van den Boogaart, Jan Maarten"]
[Result "1-0"]
[WhiteElo "2140"]
[BlackElo "2041"]
[WhiteFideId "1500511"]
[BlackFideId "1044559"]
[EventDate "2014.10.19"]
[EventType "swiss"]

1. d4 d5 2. c4 c6 3. Nf3 Nf6 4. Nc3 dxc4 5. a4 Bf5 6. e3 e6 7. Bxc4 Bb4 8. O-O
O-O 9. Nh4 Nbd7 10. Nxf5 exf5 11. Qc2 g6 12. Rd1 Qe7 13. f3 Rfe8 14. Bd3 Rad8
15. Bd2 Nb6 16. a5 Nbd5 17. Re1 Nc7 18. Re2 Ne6 19. Ra4 Bd6 20. g3 Bb8 21. Kg2
Qd7 22. Bc4 Bd6 23. Be1 b5 24. axb6 axb6 25. Ra1 Nc7 26. Rd1 b5 27. Bb3 Nfd5 28.
e4 fxe4 29. fxe4 Nxc3 30. bxc3 Bf8 31. Rf2 Ne6 32. Bd2 Bg7 33. Rdf1 Rf8 34. e5
b4 35. cxb4 Nxd4 36. Rxf7 Rxf7 37. Rxf7 Nxc2 38. Rxd7+ 1-0

[Event "40th Guernsey Open 2014"]
[Site "Vale GCI"]
[Date "2014.10.22"]
[Round "4.10"]
[White "Da Ces, Philippe"]
[Black "Curtis, John E"]
[Result "0-1"]
[WhiteElo "1969"]
[BlackElo "2100"]
[WhiteFideId "202665"]
[BlackFideId "411892"]
[EventDate "2014.10.19"]
[EventType "swiss"]

1. d4 d6 2. e4 Nf6 3. Nc3 e5 4. Nf3 Nbd7 5. g4 Nxg4 6. Rg1 Ngf6 7. Bc4 h6 8.
dxe5 dxe5 9. Be3 c6 10. Qd3 b5 11. Bb3 Qa5 12. O-O-O Ba6 13. Nd2 b4 14. Nc4 Bxc4
15. Qxc4 bxc3 16. Qxf7+ Kd8 17. Rxd7+ Nxd7 18. Rd1 Qc7 19. Be6 Bd6 20. Bxd7
cxb2+ 21. Kb1 Qxd7 22. Qc4 Re8 23. Bc5 Re6 24. Rxd6 Rxd6 25. Bxd6 Qxd6 26. Qg8+
Kc7 27. Qxa8 Qd1+ 28. Kxb2 Qd4+ 29. Kb3 Qxf2 30. Qe8 Qe3+ 31. Kb2 Qxe4 32. Qf7+
Kb6 33. Qxg7 Qd4+ 34. Kb1 Qb4+ 35. Kc1 Qf4+ 36. Kb2 Qxh2 37. Qe7 Qf4 38. Qd8+
Kb5 39. Qb8+ Kc4 40. Qb3+ Kc5 41. Qc3+ Kb5 42. Qd3+ Qc4 43. Qe3 Qd4+ 0-1

[Event "40th Guernsey Open 2014"]
[Site "Vale GCI"]
[Date "2014.10.22"]
[Round "4.11"]
[White "Wager, John D"]
[Black "Magnussen, Pal"]
[Result "1-0"]
[WhiteElo "2088"]
[BlackElo "1952"]
[WhiteFideId "420204"]
[BlackFideId "1711814"]
[EventDate "2014.10.19"]
[EventType "swiss"]

1. d4 Nf6 2. Nf3 g6 3. Bg5 Bg7 4. e3 c5 5. c3 cxd4 6. exd4 O-O 7. Bd3 d5 8. Qc2
Nc6 9. Nbd2 Bg4 10. h3 Bxf3 11. Nxf3 Rc8 12. Qe2 Re8 13. O-O Qb6 14. Rfe1 Nd7
15. Rad1 a6 16. Bb1 Na5 17. h4 Nc4 18. Bc1 e5 19. dxe5 Ndxe5 20. Nd4 Nd6 21. Qf1
Ng4 22. Rxe8+ Rxe8 23. Qd3 Ne4 24. Rf1 Be5 25. g3 Qf6 26. Nf3 Bc7 27. Kg2 Bb6
28. Qxd5 Nexf2 29. Bg5 Qc6 30. Qxc6 bxc6 31. Re1 Rb8 32. b3 f6 33. Bf4 Rd8 34.
a4 Kf7 35. b4 Nd3 36. Ba2+ Kf8 37. Re6 Nxf4+ 38. gxf4 Ne3+ 39. Kh2 Rd3 40. Rxf6+
Kg7 41. Rxc6 Bd8 42. Be6 Nf1+ 43. Kg2 Bf6 44. Ne5 Ne3+ 45. Kf2 Bxe5 46. fxe5
Nd1+ 47. Ke2 Rxc3 48. Rxc3 Nxc3+ 49. Ke3 Nxa4 50. Bc8 Kf7 51. Kd4 h6 52. Bxa6 g5
53. hxg5 hxg5 54. Bc8 Ke7 55. b5 Kd8 56. Bg4 Kc7 57. e6 Kd6 58. Kc4 Nb6+ 59. Kb4
Nc8 60. Ka5 Kc7 61. Ka6 Kb8 62. b6 Nd6 63. e7 Ne8 64. Bd7 Nf6 65. e8=Q+ Nxe8 66.
Bxe8 g4 67. Bc6 g3 68. Bg2 1-0

[Event "40th Guernsey Open 2014"]
[Site "Vale GCI"]
[Date "2014.10.22"]
[Round "4.12"]
[White "Dilleigh, Stephen P"]
[Black "Campbell, Ian"]
[Result "1-0"]
[WhiteElo "2128"]
[BlackElo "1980"]
[WhiteFideId "408379"]
[BlackFideId "415219"]
[EventDate "2014.10.19"]
[EventType "swiss"]

1. Nf3 g6 2. c4 Bg7 3. d4 d6 4. e4 c5 5. d5 Nf6 6. Nc3 Bg4 7. Be2 O-O 8. O-O a6
9. a4 e6 10. h3 Bxf3 11. Bxf3 e5 12. a5 Nbd7 13. Bd2 Ne8 14. Qc2 Rb8 15. Be2 Qe7
16. Bd3 Nc7 17. g3 f6 18. Nd1 Rf7 19. Ne3 Qf8 20. f4 Qe7 21. f5 g5 22. Be2 Rff8
23. Kg2 Qd8 24. Rh1 Kf7 25. h4 h6 26. Bh5+ Ke7 27. hxg5 hxg5 28. Bg6 Rh8 29.
Rxh8 Qxh8 30. Rh1 Qg8 31. b4 Ne8 32. Rb1 Nc7 33. bxc5 dxc5 34. Bc1 Ne8 35. Bxe8
Qxe8 36. Ba3 Qc8 37. d6+ Kf7 38. Qd1 Qc6 39. Qd5+ Qxd5 40. Nxd5 Bf8 41. Nb6 Ke8
42. Nxd7 1-0

[Event "40th Guernsey Open 2014"]
[Site "Vale GCI"]
[Date "2014.10.22"]
[Round "4.13"]
[White "Hallerod, Ralph"]
[Black "Dijksterhuis, Rolf"]
[Result "1-0"]
[WhiteElo "2115"]
[BlackElo "1971"]
[WhiteFideId "1705644"]
[BlackFideId "1006452"]
[EventDate "2014.10.19"]
[EventType "swiss"]

1. Nf3 d5 2. b3 Nf6 3. Bb2 e6 4. e3 Be7 5. c4 c5 6. cxd5 exd5 7. d4 cxd4 8. Nxd4
O-O 9. Be2 Nc6 10. O-O Ne4 11. Nd2 Nxd4 12. Bxd4 Bf6 13. Nf3 Nc3 14. Qd3 Nxe2+
15. Qxe2 Bg4 16. Rfd1 Rc8 17. Qd3 Be6 18. Rac1 Rxc1 19. Rxc1 Bxd4 20. Nxd4 Qd7
21. Qc3 Rc8 22. Qxc8+ Qxc8 23. Rxc8+ Bxc8 24. Kf1 Bd7 25. Ke2 Kf8 26. Kd3 Ke7
27. Nf3 Kd6 28. Kd4 f6 29. h4 b6 30. Ne1 Bf5 31. b4 Kc6 32. a4 a5 33. b5+ Kd6
34. g3 h6 35. Kc3 Kc5 36. Nf3 g5 37. Nd4 Bg4 38. f3 Bh3 39. h5 Bg2 40. g4 Bh1
41. f4 gxf4 42. exf4 Be4 43. g5 fxg5 44. fxg5 hxg5 45. Ne6+ Kd6 46. Nxg5 Bf5 47.
h6 Kc5 48. h7 d4+ 49. Kb3 Bxh7 50. Nxh7 d3 51. Ng5 Kd4 52. Nf3+ Ke3 53. Kc3 Kxf3
54. Kxd3 Kf2 55. Kd4 Ke2 56. Kd5 Kd3 57. Kc6 Kc4 58. Kxb6 Kb4 59. Kc6 1-0

[Event "40th Guernsey Open 2014"]
[Site "Vale GCI"]
[Date "2014.10.22"]
[Round "4.14"]
[White "Canonne, Antoine"]
[Black "Heppell, Ian N"]
[Result "1/2-1/2"]
[WhiteElo "1945"]
[BlackElo "2087"]
[WhiteFideId "619388"]
[BlackFideId "412058"]
[EventDate "2014.10.19"]
[EventType "swiss"]

1. e4 e5 2. Nc3 Nf6 3. f4 d5 4. fxe5 Nxe4 5. d3 Nxc3 6. bxc3 Nc6 7. Nf3 d4 8.
cxd4 Bb4+ 9. Bd2 Bxd2+ 10. Qxd2 Nxd4 11. c3 Nxf3+ 12. gxf3 Be6 13. Rg1 Qh4+ 14.
Qf2 Qf4 15. Qg3 Qe3+ 16. Be2 O-O-O 17. Rd1 Bxa2 18. f4 Qc5 19. d4 Qc6 20. Ra1
Bc4 21. Rxa7 Kb8 22. Ra1 Bxe2 1/2-1/2

[Event "40th Guernsey Open 2014"]
[Site "Vale GCI"]
[Date "2014.10.22"]
[Round "4.15"]
[White "Lochte, Thomas"]
[Black "Grieve, Harry"]
[Result "1-0"]
[WhiteElo "2071"]
[BlackElo "1738"]
[WhiteFideId "4606272"]
[BlackFideId "426520"]
[EventDate "2014.10.19"]
[EventType "swiss"]

1. e4 e6 2. d4 d5 3. Nd2 Nf6 4. e5 Nfd7 5. Bd3 c5 6. c3 Nc6 7. Ne2 f6 8. Nf4 Qe7
9. Nf3 f5 10. O-O g6 11. c4 dxc4 12. Bxc4 Nb6 13. d5 Nxc4 14. dxc6 bxc6 15. Qa4
Nb6 16. Qxc6+ Bd7 17. Qc7 Bb5 18. Qxe7+ Kxe7 19. Rd1 Rc8 20. Rd6 Rc6 21. a4 Nxa4
22. b3 Nb6 23. Rxa7+ Ke8 24. Rxe6+ Rxe6 25. Nxe6 Bd7 26. Nc7+ Ke7 27. Bg5+ Kf7
28. e6+ 1-0

[Event "40th Guernsey Open 2014"]
[Site "Vale GCI"]
[Date "2014.10.22"]
[Round "4.16"]
[White "Dennis, Nigel W"]
[Black "Rosen, Daniel B"]
[Result "1/2-1/2"]
[BlackTitle "CM"]
[WhiteElo "1826"]
[BlackElo "2068"]
[WhiteFideId "408913"]
[BlackFideId "405418"]
[EventDate "2014.10.19"]
[EventType "swiss"]

1. e4 d6 2. d4 g6 3. c4 Bg7 4. Nc3 Nf6 5. Nf3 O-O 6. Be2 Nc6 7. d5 Nb8 8. O-O e5
9. Bg5 Bg4 10. Qd2 Nbd7 11. b4 Bxf3 12. Bxf3 Qe7 13. a4 a5 14. bxa5 Nc5 15. Rfb1
Rxa5 16. Bd1 Rfa8 17. Bc2 Qf8 18. f3 Nfd7 19. Be3 Bf6 20. Qc1 Bd8 21. Rb5 c6 22.
Rb2 R5a6 23. Qb1 Ba5 24. Na2 Qc8 25. Nb4 R6a7 26. Nd3 Bc3 27. Nxc5 Nxc5 28. f4
f6 29. fxe5 fxe5 30. Ra3 Bxb2 31. Qxb2 Ra6 32. Bh6 Qc7 33. Qa1 b5 34. dxc6 b4
35. Rf3 b3 36. Bxb3 Nxb3 37. Qf1 Qe7 38. Rxb3 Rxc6 39. h4 Rcc8 40. h5 Qf7 41.
Rf3 Qb7 42. hxg6 hxg6 43. Rg3 Qa7+ 44. Kh2 Qh7 45. Rh3 Rc7 46. Bg5 Qg7 47. Bf6
Rf8 48. Rf3 Qh6+ 49. Rh3 Qg7 50. Rf3 Qh6+ 1/2-1/2

[Event "40th Guernsey Open 2014"]
[Site "Vale GCI"]
[Date "2014.10.22"]
[Round "4.17"]
[White "De Haan, Eric"]
[Black "Sikkel, Dirk"]
[Result "1-0"]
[WhiteTitle "FM"]
[WhiteElo "2282"]
[BlackElo "2007"]
[WhiteFideId "1005006"]
[BlackFideId "1050079"]
[EventDate "2014.10.19"]
[EventType "swiss"]

1. d4 g6 2. c4 Bg7 3. e4 d6 4. Nc3 c6 5. Be3 Qa5 6. Qd2 c5 7. d5 Na6 8. Nge2 Bd7
9. Nc1 h5 10. Be2 Bxc3 11. bxc3 Nf6 12. f3 Nc7 13. a4 Qa6 14. O-O O-O 15. Nd3 e5
16. a5 Rfb8 17. Rfb1 b5 18. Nb2 bxc4 19. Qe1 Bb5 20. Qf1 Qc8 21. Bxc4 Qd7 22.
Bd3 Bxd3 23. Qxd3 Rb3 24. Nc4 Rab8 25. Qc2 Rxb1+ 26. Rxb1 Rxb1+ 27. Qxb1 Qb5 28.
Qa2 Nfe8 29. Kf2 Kg7 30. Ke1 f6 31. Kd2 Kf7 32. Kc2 Ke7 33. Qb3 Qxb3+ 34. Kxb3
a6 35. Nb6 Nb5 36. Bc1 Kd8 37. Kc4 Kc7 38. Bh6 Na7 39. Bf8 Nb5 40. Na4 Kd7 41.
Kb3 Kc7 42. Nb6 Kd8 43. h4 f5 44. exf5 gxf5 45. Kc2 Nf6 46. Bh6 Kc7 47. Bg5 Nh7
48. Be7 Na3+ 49. Kd3 Nb5 50. g3 e4+ 51. fxe4 fxe4+ 52. Kxe4 Nxc3+ 53. Kf5 Ne2
54. Kg6 Nxg3 55. Kxh7 Nf5 56. Bg5 1-0

[Event "40th Guernsey Open 2014"]
[Site "Vale GCI"]
[Date "2014.10.22"]
[Round "4.18"]
[White "Thurlow, Kevin J"]
[Black "Broek, Thomas"]
[Result "1-0"]
[WhiteTitle "CM"]
[WhiteElo "2005"]
[BlackElo "2201"]
[WhiteFideId "406104"]
[BlackFideId "1005731"]
[EventDate "2014.10.19"]
[EventType "swiss"]

1. c4 c5 2. Nf3 Nf6 3. Nc3 Nc6 4. d4 cxd4 5. Nxd4 g6 6. e4 d6 7. Be2 Bg7 8. O-O
Nxe4 9. Nxc6 Nxc3 10. Nxd8 Nxd1 11. Nxf7 Nc3 12. Nxd6+ exd6 13. bxc3 Bxc3 14.
Rb1 O-O 15. Bf3 Rb8 16. Ba3 Be6 17. Bxd6 Bxc4 18. Rfc1 Bxa2 19. Bxf8 Bxb1 20.
Ba3 Ba2 21. Rxc3 b5 22. Rc7 a5 23. Bb2 Bf7 24. h4 a4 25. Bc6 h6 26. Kh2 g5 27.
hxg5 hxg5 28. Kg3 Bb3 29. Rg7+ Kf8 30. Rh7 Rb6 31. Rc7 b4 32. Bd4 Rb8 33. Rh7
Rd8 34. Bc5+ Kg8 35. Ra7 Rd3+ 36. f3 Rc3 37. Ra5 Kf7 38. Be4 Rxc5 39. Rxc5 a3
40. Ra5 a2 41. Kf2 Bc4 42. Bc2 b3 43. Bxb3 Bxb3 44. Ke3 Kf6 45. Kd4 Bg8 46. g4
Bb3 47. Ra6+ Kf7 48. Ke5 Bc4 49. Ra7+ Kg6 50. Ra4 Bf7 51. Ra6+ Kg7 52. Kf5 Bc4
53. Ra7+ Kh6 54. Ra8 Bd5 55. Ra6+ Kg7 56. Kxg5 Bxf3 57. Rxa2 Be4 58. Ra7+ Kh8
59. Kf6 Bd3 60. g5 Be4 61. g6 Bd5 62. Rd7 Bc4 63. g7+ Kh7 64. Rd4 1-0

[Event "40th Guernsey Open 2014"]
[Site "Vale GCI"]
[Date "2014.10.22"]
[Round "4.19"]
[White "Brown, Rowan M"]
[Black "Kraft, Karl-Heinz"]
[Result "0-1"]
[WhiteElo "2195"]
[BlackElo "2004"]
[WhiteFideId "404756"]
[BlackFideId "12924121"]
[EventDate "2014.10.19"]
[EventType "swiss"]

1. e4 e6 2. d4 d5 3. e5 c5 4. c3 Nc6 5. Nf3 Nh6 6. Bxh6 gxh6 7. Be2 f6 8. O-O
cxd4 9. cxd4 Bg7 10. Bb5 O-O 11. Bxc6 bxc6 12. Qd2 c5 13. Re1 cxd4 14. Qxd4 fxe5
15. Nxe5 Rf5 16. Nd2 Qg5 17. h4 Rxe5 18. Rxe5 Qxe5 0-1

[Event "40th Guernsey Open 2014"]
[Site "Vale GCI"]
[Date "2014.10.22"]
[Round "4.20"]
[White "Gieben, Stijn"]
[Black "Burton, Ronnie"]
[Result "1-0"]
[WhiteElo "2157"]
[BlackElo "1983"]
[WhiteFideId "1034170"]
[BlackFideId "408441"]
[EventDate "2014.10.19"]
[EventType "swiss"]

1. e4 c5 2. Nf3 Nc6 3. d4 cxd4 4. Nxd4 Nf6 5. Nc3 e6 6. g3 Bb4 7. Bg2 O-O 8. O-O
a6 9. Nxc6 dxc6 10. e5 Bxc3 11. bxc3 Qxd1 12. Rxd1 Nd5 13. c4 Nb6 14. Ba3 Re8
15. Rd4 f6 16. f4 Kf7 17. Rb1 Na4 18. Rb3 c5 19. Rd6 Ra7 20. Kf2 Ke7 21. Bc1 Rd8
22. Rdd3 Rxd3 23. cxd3 Kd7 24. Be3 Kc7 25. d4 cxd4 26. Bxd4 b6 27. exf6 gxf6 28.
Bxf6 Nc5 29. Be5+ Kd7 30. Rxb6 Nd3+ 31. Ke3 Nxe5 32. fxe5 Ke7 33. c5 1-0

[Event "40th Guernsey Open 2014"]
[Site "Vale GCI"]
[Date "2014.10.22"]
[Round "4.21"]
[White "Kirby, Peter J."]
[Black "Reijneveld, Ad"]
[Result "1/2-1/2"]
[WhiteTitle "CM"]
[WhiteElo "1985"]
[BlackElo "2120"]
[WhiteFideId "409014"]
[BlackFideId "1010654"]
[EventDate "2014.10.19"]
[EventType "swiss"]

1. c4 c5 2. g3 g6 3. Bg2 Bg7 4. Nc3 Nc6 5. Nf3 Nf6 6. d4 cxd4 7. Nxd4 O-O 8. O-O
Nxd4 9. Qxd4 d6 10. Qd3 Nd7 11. b3 Nc5 12. Qe3 Be6 13. Rd1 a5 14. Ba3 Qb6 15.
Rac1 Rfc8 16. h4 Ra6 17. h5 Qa7 18. Nb5 Qb6 19. Qf3 Bd7 20. Nc3 Bc6 21. Nd5 Bxd5
22. Qxd5 Ra7 23. Bf3 Qc7 24. Bxc5 Qxc5 25. Qxc5 Rxc5 26. hxg6 hxg6 27. Rd5 b6
28. a4 1/2-1/2

[Event "40th Guernsey Open 2014"]
[Site "Vale GCI"]
[Date "2014.10.22"]
[Round "4.22"]
[White "Purdon, Colin"]
[Black "Spanton, Tim R"]
[Result "1/2-1/2"]
[WhiteElo "2106"]
[BlackElo "1975"]
[WhiteFideId "408581"]
[BlackFideId "404802"]
[EventDate "2014.10.19"]
[EventType "swiss"]

1. d4 d5 2. c4 e6 3. Nc3 Nf6 4. Nf3 c5 5. cxd5 cxd4 6. Qxd4 exd5 7. Bg5 Be7 8.
e3 Nc6 9. Qd2 O-O 10. Be2 Be6 11. O-O Ne4 12. Nxe4 dxe4 13. Bxe7 Qxe7 14. Nd4
Rfd8 15. Rfd1 Nxd4 16. exd4 Bd5 17. Qe3 Qe6 18. b3 Rac8 19. Rac1 Rxc1 20. Rxc1
Rc8 21. Rc3 f5 22. Qc1 Rxc3 23. Qxc3 Qc6 24. Qxc6 Bxc6 25. Bc4+ Kf8 26. g3 Ke7
27. Kf1 g5 28. Ke2 Kd6 29. Bg8 h6 30. Ke3 a5 31. h4 b5 32. hxg5 hxg5 33. Bh7 Bd7
34. g4 f4+ 35. Kxe4 Bxg4 36. Bg8 b4 37. Bc4 Bd7 38. Bg8 Bg4 39. Bc4 Bd7 40. Bf7
Ke7 41. Bg6 Kf6 42. Bh7 a4 43. bxa4 Bxa4 44. Bg8 Bc2+ 45. Kf3 Bd1+ 46. Ke4 Bc2+
47. Kf3 Bf5 48. Bd5 Ke7 49. Bb3 Kd6 50. Bg8 Kc6 51. Bf7 Kb5 52. Bb3 Kc6 53. Bf7
Kb6 54. Bc4 Kc6 1/2-1/2